| 000 | 00808nam a2200193 a 4500 | ||
|---|---|---|---|
| 005 | 20210219160349.0 | ||
| 008 | 081020s2000 mx r 000 0 spa d | ||
| 035 | _aUPN01000163915 | ||
| 049 | _aUNE | ||
| 080 | _aOC 31:37. 014. 543 (7/8) INF. | ||
| 245 | 0 | 0 | _aInformaciones estadísticas de la educación y análisis cuantitativo: informaciones sobre los principales sistemas de crédito educativo en 12 países de América Latina y el Caribe. |
| 260 | _aSantiago de Chile : OREALC, 1979. | ||
| 300 | _a53 p.; 30 cm. fot. | ||
| 440 | 0 | _aOREALC. Estadísticas; 17 | |
| 690 | _aEstadisticas educacionales- Recursos financieros para la ed. | ||
| 690 | _aFinanciacion de la educacion- Estadisticas educacionales | ||
| 690 | _aAmerica Latina- Estadisticas educacionales- Finaciacion | ||
| 905 | _aUNESCO | ||
| 999 |
_c136028 _d136028 |
||